Analýza nebezpečenstva vzniku výbuchu vo vybranej spoločnosti

Saved in:
Bibliographic Details
Main Author: Miča, Pavol, 1989- (Author)
Other Authors: Martinka, Jozef, 1983- (Thesis advisor)
Format: Manuscript Book
Language:Slovak
Published: Trnava : STU v Bratislave MTF UBEI, 2013
Subjects:
Online Access:VAIS
Tags: Add Tag
No Tags, Be the first to tag this record!

MARC

LEADER 00000ntm a22000003a 4500
001 stu268317
005 20160719160727.8
008 130613s2013----xo------------------slo-d
040 |a STU  |b slo 
041 0 |a slo 
044 |a xo 
100 1 |a Miča, Pavol,  |d 1989-  |4 aut  |X 56893  |7 A000056893 
242 0 0 |a Analysis of danger of explosion in the selected company   |y eng 
245 1 |a Analýza nebezpečenstva vzniku výbuchu vo vybranej spoločnosti  
260 |a Trnava :  |b STU v Bratislave MTF UBEI,  |c 2013 
650 7 |a integrovaná bezpečnosť  |2 stusub 
650 7 |a Integrated Safety  |2 estusub 
650 7 |a explosion  |2 estusub 
650 7 |a nebezpečenstvo výbuchu  |2 stusub 
700 1 |a Martinka, Jozef,  |d 1983-  |4 ths  |u M5000  |U MTF Materiálovotechnologická fakulta  |T MTF Ústav bezpečnosti, environmentu a kvality  |X 45163  |U M5000  |Y 85  |7 A000045163 
856 4 |a info a plný text  |u http://is.stuba.sk/zp/portal_zp.pl?podrobnosti=90083  |3 VAIS 
996 |c M*DP-11375  |l MMSKP  |s P  |a 0  |w stu268317_0001